LEADER 00787nam0-2200301---450- 001 990004043840403321 005 20130523130241.0 035 $a000404384 035 $aFED01000404384 035 $a(Aleph)000404384FED01 035 $a000404384 100 $a19990604d1979----km-y0itay50------ba 101 0 $aeng 102 $aUS 105 $ay-------001yy 200 1 $aPractical ethics$fPeter Singer 210 $aCambridge$cCambridge University Press$d1979 215 $a237 p.$d19 cm 610 0 $aEtica sociale 676 $a170 700 1$aSinger,$bPeter$0144360 801 0$aIT$bUNINA$gREICAT$2UNIMARC 901 $aBK 912 $a990004043840403321 952 $aP.1 FRM 1091$bD.D.FILOS.656$fFLFBC 959 $aFLFBC 996 $aPractical ethics$926918 997 $aUNINA